000
00354nam a22001217a 4500
040
_c
HS
082
_a
597
100
_a
ហុក សែនសម្ភា
245
_a
Fish popular dynamic ឌីណាមិចប្រជាករហ្វូងត្រី
260
_a
RUA
_b
ហុក សែនសម្ភា
_c
2012
300
_a
38p;
942
_c
KB
999
_c
9658
_d
9658